| 000 | 00461nam a22001577a 4500 | ||
|---|---|---|---|
| 003 | NUST - PNEC | ||
| 005 | 20170116181116.0 | ||
| 008 | 151004b xxu||||| |||| 00| 0 eng d | ||
| 040 | _cLIBRARY | ||
| 082 | _a737.49 KHA | ||
| 100 |
_913210 _aKhan, Sohail Ahmed |
||
| 245 |
_aNomenclature origin andhistory of coins of Indo-Pakistan sub-continent _cKhan, Sohail Ahmed |
||
| 260 | _cc.1992 | ||
| 650 |
_913208 _bCoins, artifacts _xGeneral books |
||
| 942 |
_2ddc _cBK |
||
| 999 |
_c69329 _d69329 |
||